[Event "VIE-chT (Women)"]
[Site "Ho Chi Minh City"]
[Date "2017.07.26"]
[Round "5.21"]
[White "Nguyen, Thi Thu Quyen"]
[Black "Nguyen, Ngoc Minh Chau"]
[Result "1-0"]
[WhiteElo "2017"]
[BlackElo "1467"]
[PlyCount "85"]
[EventDate "2017.07.24"]
[EventType "team-swiss"]
[EventRounds "9"]
[EventCountry "VIE"]
[SourceTitle "EXT 2019"]
[Source "ChessBase"]
[SourceDate "2018.10.10"]
[SourceVersion "1"]
[SourceVersionDate "2018.10.10"]
[SourceQuality "1"]

1. e4 c5 2. Nf3 e6 3. d4 cxd4 4. Nxd4 a6 5. c4 d6 6. Nc3 Nf6 7. Be3 Nc6 8. f4 Be7 9. Be2 0-0 10. 0-0 Qc7 11. Rc1 b6 12. Nxc6 Qxc6 13. e5 dxe5 14. fxe5 Ne4 15. Bf3 Bc5 16. Qe2 Qc7 17. Bxe4 Rb8 18. Bxc5 Qxc5+ 19. Kh1 a5 20. b3 g6 21. Bf3 Ba6 22. Rfe1 Rfc8 23. a4 Qb4 24. Qc2 Rd8 25. Ne4 Rd4 26. Red1 Rbd8 27. h3 Bb7 28. Nf6+ Kg7 29. Bxb7 Rd2 30. Rxd2 Rxd2 31. Qc3 Qxc3 32. Rxc3 Re2 33. Nd7 Kh6 34. Nxb6 Rxe5 35. c5 Re1+ 36. Kh2 Rd1 37. c6 Rd8 38. c7 Rh8 39. Nc4 f6 40. Nxa5 e5 41. Nc6 e4 42. Nd8 f5 43. c8Q 1-0

[Event "VIE-chT (Women)"]
[Site "Bac Giang"]
[Date "2013.08.20"]
[Round "10"]
[White "Nguyen, Thi Thu Quyen"]
[Black "Pham, Thi Thu Hien"]
[Result "1/2-1/2"]
[WhiteElo "1975"]
[BlackElo "2121"]
[PlyCount "132"]
[EventDate "2013.08.14"]
[EventType "team-swiss"]
[EventRounds "11"]
[EventCountry "VIE"]
[SourceTitle "CBM 156 Extra"]
[Source "ChessBase"]
[SourceDate "2013.10.22"]
[SourceVersion "1"]
[SourceVersionDate "2013.10.22"]
[SourceQuality "1"]

1. e4 c5 2. Nf3 d6 3. d4 cxd4 4. Nxd4 Nf6 5. Nc3 a6 6. Be3 e6 7. f3 Qc7 8. Qd2 b5 9. g4 Bb7 10. a3 Be7 11. g5 Nfd7 12. Bd3 Ne5 13. Qe2 Nbd7 14. f4 Nc4 15. Bxc4 Qxc4 16. Qxc4 bxc4 17. Nde2 h6 18. gxh6 Rxh6 19. Ng3 Rh3 20. 0-0 Nf6 21. Kg2 Rh4 22. Rad1 Rxh2+ 23. Kxh2 Ng4+ 24. Kg1 Nxe3 25. f5 Nxf1 26. Kxf1 Rd8 27. fxe6 fxe6 28. Nce2 Bf6 29. Nd4 Ke7 30. c3 Be5 31. Nde2 Rh8 32. Kg2 Rh4 33. Kf3 Rh2 34. Rb1 d5 35. exd5 Bxd5+ 36. Ke3 g5 37. Rg1 Rh4 38. Nf1 Bf4+ 39. Nxf4 gxf4+ 40. Kf2 Kf6 41. Rg8 Ke5 42. Re8 Rh7 43. Rb8 Ke4 44. Rb6 Rb7 45. Rxb7 Bxb7 46. Ke2 f3+ 47. Kd2 Kf4 48. Ke1 Bd5 49. Kd2 e5 50. Ke1 Be6 51. Kf2 e4 52. Ne3 Bf7 53. Nf1 Be8 54. Ne3 Bb5 55. Nd5+ Ke5 56. Ne3 Kd6 57. Nf5+ Kc5 58. Ke3 Bc6 59. Kf2 Ba4 60. Ne3 Bb3 61. Kg3 Ba2 62. Kf2 Bb1 63. Nf1 Kb5 64. Ne3 Bd3 65. Nf5 Kc5 66. Ne3 Kd6 1/2-1/2

[Event "VIE-chT (Women)"]
[Site "Bac Giang"]
[Date "2013.08.19"]
[Round "9"]
[White "Ngo, Dieu Hoa"]
[Black "Nguyen, Thi Thu Quyen"]
[Result "1/2-1/2"]
[WhiteElo "2084"]
[BlackElo "1975"]
[PlyCount "60"]
[EventDate "2013.08.14"]
[EventType "team-swiss"]
[EventRounds "11"]
[EventCountry "VIE"]
[SourceTitle "CBM 156 Extra"]
[Source "ChessBase"]
[SourceDate "2013.10.22"]
[SourceVersion "1"]
[SourceVersionDate "2013.10.22"]
[SourceQuality "1"]

1. e4 d5 2. exd5 Qxd5 3. Nc3 Qa5 4. Nf3 Nf6 5. d4 Bf5 6. Bd3 Bxd3 7. Qxd3 c6 8. 0-0 e6 9. Bf4 Be7 10. Ne4 Nxe4 11. Qxe4 Nd7 12. c3 0-0 13. Ne5 Rad8 14. Nxd7 Rxd7 15. Qe5 Qd5 16. Qxd5 Rxd5 17. Rfe1 Rfd8 18. Be3 c5 19. dxc5 Bxc5 20. Bxc5 Rxc5 21. Rad1 Rxd1 22. Rxd1 Rd5 23. Rxd5 exd5 24. Kf1 Kf8 25. Ke2 Ke7 26. Kd3 Ke6 27. Kd4 Kd6 28. h3 f6 29. g4 b6 30. f3 g6 1/2-1/2

[Event "VIE-chT (Women)"]
[Site "Bac Giang"]
[Date "2013.08.18"]
[Round "7"]
[White "Nguyen Thi Thu, Huyen"]
[Black "Nguyen, Thi Thu Quyen"]
[Result "0-1"]
[WhiteElo "2058"]
[BlackElo "1975"]
[PlyCount "102"]
[EventDate "2013.08.14"]
[EventType "team-swiss"]
[EventRounds "11"]
[EventCountry "VIE"]
[SourceTitle "CBM 156 Extra"]
[Source "ChessBase"]
[SourceDate "2013.10.22"]
[SourceVersion "1"]
[SourceVersionDate "2013.10.22"]
[SourceQuality "1"]

1. d4 d5 2. c4 e6 3. Nc3 Nf6 4. Nf3 Be7 5. Bg5 b6 6. e3 Bb7 7. cxd5 exd5 8. Qa4+ Qd7 9. Bb5 c6 10. Bd3 h6 11. Bh4 0-0 12. 0-0 c5 13. dxc5 bxc5 14. Rfd1 Rd8 15. Rac1 Bc6 16. Qc2 Qb7 17. Ne5 Be8 18. Be2 Nc6 19. Nxc6 Bxc6 20. Bf3 Rac8 21. Ne2 g5 22. Bg3 g4 23. Bxg4 Nxg4 24. Qf5 Qd7 25. Qh5 Nf6 26. Qxh6 Qf5 27. Bf4 Qg6 28. Ng3 Bd7 29. Qg5 Be6 30. h4 Rd7 31. b3 Nh7 32. Qe5 Bf6 33. Qh5 Qxh5 34. Nxh5 Bxh4 35. Ng3 Bf6 36. Rc2 Nf8 37. Rdc1 c4 38. Ne2 Ng6 39. Bg3 Bf5 40. Rd2 c3 41. Rd4 Bxd4 42. Nxd4 Bd3 43. f3 Ne7 44. Be5 c2 45. g4 Nc6 46. Nxc6 Rxc6 47. a3 f6 48. Bd4 Rb7 49. b4 a5 50. Kf2 axb4 51. g5 bxa3 0-1

[Event "VIE-chT (Women)"]
[Site "Bac Giang"]
[Date "2013.08.17"]
[Round "5"]
[White "Bui, Kim Le"]
[Black "Nguyen, Thi Thu Quyen"]
[Result "1/2-1/2"]
[WhiteElo "2098"]
[BlackElo "1975"]
[PlyCount "100"]
[EventDate "2013.08.14"]
[EventType "team-swiss"]
[EventRounds "11"]
[EventCountry "VIE"]
[SourceTitle "CBM 156 Extra"]
[Source "ChessBase"]
[SourceDate "2013.10.22"]
[SourceVersion "1"]
[SourceVersionDate "2013.10.22"]
[SourceQuality "1"]

1. e4 c5 2. Nf3 d6 3. d4 cxd4 4. Nxd4 Nf6 5. Nc3 a6 6. Bg5 e5 7. Bxf6 Qxf6 8. Nd5 Qd8 9. Ne2 Be6 10. Nec3 Nc6 11. Bc4 Rc8 12. Bb3 Qg5 13. 0-0 Be7 14. Re1 h5 15. Re3 h4 16. Nxe7 Qxe7 17. Bxe6 Qxe6 18. Nd5 Ne7 19. Rd3 Nxd5 20. Rxd5 Rh6 21. Qd3 Rc6 22. Rd1 g5 23. c4 Qc8 24. b3 b6 25. f3 Rg6 26. h3 Qc7 27. Qd2 Kf8 28. Qb4 Kg8 29. Qa3 a5 30. R1d2 Kg7 31. Qb2 Qe7 32. Qc2 Qf6 33. Qd1 Qe7 34. Qe2 Qc7 35. Qd3 Re6 36. Qe3 Rg6 37. Qd3 Re6 38. a4 Rg6 39. Kf2 Qe7 40. Ke2 Qd7 41. Kd1 Kf8 42. Kc2 Ke7 43. Kb2 Rc5 44. Qe2 Rg8 45. R5d3 f6 46. Ka2 Rc6 47. Qe1 Qc8 48. Qd1 Qe6 49. Rd5 Rgc8 50. Qg1 Kd7 1/2-1/2

[Event "VIE-chT (Women)"]
[Site "Bac Giang"]
[Date "2013.08.14"]
[Round "2"]
[White "Pham, Duc Tri1111"]
[Black "Nguyen, Thi Thu Quyen"]
[Result "0-1"]
[WhiteElo "2198"]
[BlackElo "1975"]
[PlyCount "118"]
[EventDate "2013.08.14"]
[EventType "team-swiss"]
[EventRounds "11"]
[EventCountry "VIE"]
[SourceTitle "CBM 156 Extra"]
[Source "ChessBase"]
[SourceDate "2013.10.22"]
[SourceVersion "1"]
[SourceVersionDate "2013.10.22"]
[SourceQuality "1"]

1. c4 e5 2. g3 d6 3. Bg2 g6 4. Nc3 Bg7 5. d3 c6 6. e4 Ne7 7. Nge2 Be6 8. 0-0 0-0 9. Be3 Qc8 10. Qd2 Rd8 11. f4 f5 12. Rae1 Nd7 13. b3 Nf6 14. Kh1 Qd7 15. d4 Nxe4 16. Nxe4 fxe4 17. Bxe4 Bh3 18. Bg2 Bxg2+ 19. Kxg2 Nf5 20. Bf2 exd4 21. Nxd4 Nxd4 22. Bxd4 d5 23. Bxg7 Qxg7 24. f5 dxc4 25. Qb4 gxf5 26. Qxc4+ Qf7 27. Qf4 Rd7 28. Re5 Rf8 29. Rfe1 b6 30. Kh1 c5 31. Qg5+ Qg6 32. Qe3 Qc6+ 33. Kg1 Qf6 34. Rf1 Qd6 35. Rexf5 Rxf5 36. Rxf5 Qd4 37. Qxd4 Rxd4 38. Kg2 Kg7 39. Rf2 Rd3 40. Kh3 Rd4 41. g4 Kg6 42. Kg3 Rd3+ 43. Rf3 Rd2 44. a4 Rd4 45. h4 Rb4 46. h5+ Kg7 47. Rd3 a6 48. Kh4 h6 49. Kg3 b5 50. a5 c4 51. bxc4 bxc4 52. Rd7+ Kg8 53. Rd6 c3 54. Rxh6 Rc4 55. Rg6+ Kh7 56. Rxa6 c2 57. Ra7+ Kh8 58. Ra8+ Kg7 59. Ra7+ Kf6 0-1

[Event "ASEAN-ch U20 Girls 10th"]
[Site "Hue"]
[Date "2009.06.09"]
[Round "4"]
[White "Hoang, Thi Nhu Y"]
[Black "Nguyen, Thi Thu Quyen"]
[Result "1-0"]
[WhiteElo "2123"]
[BlackElo "1868"]
[PlyCount "72"]
[EventDate "2009.06.07"]
[EventType "swiss"]
[EventRounds "9"]
[EventCountry "VIE"]
[SourceTitle "EXT 2010"]
[Source "ChessBase"]
[SourceDate "2010.11.25"]
[SourceVersion "1"]
[SourceVersionDate "2010.11.25"]
[SourceQuality "1"]

1. c4 c6 2. Nf3 d5 3. e3 Nf6 4. b3 Bf5 5. Be2 e6 6. Bb2 Nbd7 7. 0-0 h6 8. d4 Be7 9. Bd3 0-0 10. Nc3 Rc8 11. Bxf5 exf5 12. cxd5 cxd5 13. Qd3 g6 14. Rfc1 a6 15. Ne5 Re8 16. Rc2 Bd6 17. f4 Qe7 18. Rac1 Nb6 19. a4 Bb4 20. Na2 Ne4 21. Rxc8 Rxc8 22. Rxc8+ Nxc8 23. Qc2 Na7 24. g3 Bd6 25. Nd3 Nc6 26. Qc1 Kh7 27. Kg2 g5 28. Ne5 Na7 29. Nc3 Nxc3 30. Qxc3 f6 31. Qd3 Qe6 32. g4 gxf4 33. exf4 fxe5 34. dxe5 Bc5 35. gxf5 Qg8+ 36. Kh3 h5 1-0

[Event "ASEAN-ch U20 Girls 10th"]
[Site "Hue"]
[Date "2009.06.08"]
[Round "3"]
[White "Nguyen, Thi Thu Quyen"]
[Black "Le, Hoang Tran Chau"]
[Result "1-0"]
[WhiteElo "1868"]
[BlackElo "2077"]
[PlyCount "95"]
[EventDate "2009.06.07"]
[EventType "swiss"]
[EventRounds "9"]
[EventCountry "VIE"]
[SourceTitle "EXT 2010"]
[Source "ChessBase"]
[SourceDate "2010.11.25"]
[SourceVersion "1"]
[SourceVersionDate "2010.11.25"]
[SourceQuality "1"]

1. e4 c5 2. Nf3 d6 3. d4 cxd4 4. Nxd4 Nf6 5. Nc3 g6 6. f3 Bg7 7. Be3 Nc6 8. Qd2 0-0 9. g4 d5 10. g5 Nh5 11. exd5 Nb4 12. Bc4 e6 13. dxe6 Bxd4 14. exf7+ Rxf7 15. 0-0-0 Bxe3 16. Qxe3 Qf8 17. Rhe1 Bf5 18. Qe7 Qxe7 19. Rxe7 Raf8 20. Ne4 Kg7 21. Bxf7 Rxf7 22. Rxf7+ Kxf7 23. Nd6+ Ke7 24. Nxf5+ gxf5 25. Rd4 Nc6 26. Rh4 Ng7 27. Rxh7 Kf7 28. f4 Nb4 29. Rh8 Nd5 30. Rb8 b6 31. Rb7+ Kg6 32. Rxa7 Nxf4 33. Rb7 Nh3 34. a4 f4 35. Kd2 f3 36. Rxb6+ Kxg5 37. a5 Nf5 38. Rb5 Kg4 39. Rxf5 Kxf5 40. Ke3 Kg4 41. a6 Nf4 42. a7 Nd5+ 43. Kf2 Nb6 44. c4 Kf4 45. b4 Ke4 46. c5 Na8 47. b5 Kd5 48. b6 1-0

[Event "VIE-ch KO (Women)"]
[Site "Hanoi"]
[Date "2009.02.24"]
[Round "1.2"]
[White "Nguyen, Thi Thu Quyen"]
[Black "Vo, Thi Kim Phung"]
[Result "1-0"]
[WhiteElo "1868"]
[BlackElo "2043"]
[PlyCount "125"]
[EventDate "2009.02.15"]
[EventType "k.o."]
[EventRounds "2"]
[EventCountry "VIE"]
[SourceTitle "EXT 2012"]
[Source "ChessBase"]
[SourceDate "2011.11.24"]
[SourceVersion "1"]
[SourceVersionDate "2011.11.24"]
[SourceQuality "1"]

1. e4 c5 2. Nf3 Nc6 3. d4 cxd4 4. Nxd4 Nf6 5. Nc3 g6 6. Be3 Qa5 7. f3 Bg7 8. Nb3 Qh5 9. Be2 d6 10. Qd2 0-0 11. 0-0-0 a6 12. h4 Qe5 13. Bf4 Qe6 14. Nd5 Rb8 15. Nb6 Nh5 16. Bh2 Ne5 17. Kb1 Nd7 18. Nd4 Bxd4 19. Qxd4 Nxb6 20. Qxb6 Bd7 21. Qd4 Rbc8 22. g4 Nf6 23. h5 g5 24. h6 Ne8 25. f4 Qxh6 26. e5 Bc6 27. fxg5 Qxg5 28. Rhg1 dxe5 29. Bxe5 Nc7 30. Bf4 Qg7 31. Qd2 Rfe8 32. Bh6 Qg6 33. Bd3 Be4 34. Bxe4 Qxe4 35. Rde1 Qg6 36. Re5 f6 37. Ree1 e5 38. Qh2 Ne6 39. Be3 Ng5 40. Rgf1 Rc6 41. Rf5 Ne6 42. Ref1 Ng7 43. R5f2 Rce6 44. Qg2 R8e7 45. Rd1 Kf7 46. Rh1 Rd7 47. a3 Ne8 48. Rh6 Qg7 49. Qh3 Kg8 50. g5 Red6 51. gxf6 Qf7 52. Qg3+ Kh8 53. b3 Re6 54. Qg5 Nc7 55. Rfh2 Qg8 56. Qf5 Rf7 57. Kb2 Re8 58. Rg6 Qf8 59. Bh6 Qd6 60. Rg7 Rxg7 61. Bxg7+ Kg8 62. f7+ Kxg7 63. fxe8Q 1-0

[Event "VIE-ch U20 Girls"]
[Site "Dong Thap"]
[Date "2009.??.??"]
[Round "6.3"]
[White "Le, Thi Ha"]
[Black "Nguyen, Thi Thu Quyen"]
[Result "1-0"]
[WhiteElo "1900"]
[BlackElo "1868"]
[PlyCount "96"]
[EventDate "2009.07.07"]
[EventType "swiss"]
[EventRounds "9"]
[EventCountry "VIE"]
[SourceTitle "EXT 2019"]
[Source "ChessBase"]
[SourceDate "2018.10.10"]
[SourceVersion "1"]
[SourceVersionDate "2018.10.10"]
[SourceQuality "1"]

1. d4 d5 2. c4 c6 3. Nf3 Nf6 4. Nc3 dxc4 5. a4 Bf5 6. e3 e6 7. Bxc4 Bb4 8. 0-0 0-0 9. Qe2 Bg6 10. Ne5 Nbd7 11. Nxg6 hxg6 12. Rd1 Qa5 13. Qc2 Rac8 14. Na2 Be7 15. b4 Qc7 16. Bd2 Rfd8 17. Rac1 Nf8 18. a5 N8h7 19. Bf1 Qb8 20. g3 g5 21. a6 b6 22. Bg2 Nd5 23. Qb3 c5 24. bxc5 bxc5 25. Qxb8 Rxb8 26. dxc5 Rb2 27. Ba5 Rc8 28. Nc3 Rxc5 29. Nxd5 exd5 30. Rxc5 Bxc5 31. Bxd5 Nf6 32. Bc4 Rb8 33. Kg2 Rc8 34. Be2 Be7 35. Rb1 Kf8 36. Rb7 Bc5 37. Bc4 Be7 38. Bb3 Ra8 39. f3 g4 40. Bc3 gxf3+ 41. Kxf3 Ne8 42. Bd5 Rd8 43. e4 Rc8 44. Bd2 Nc7 45. Rxa7 Bc5 46. Rb7 Nxd5 47. exd5 Ra8 48. Rb5 Bd6 1-0

[Event "VIE-ch U20 Girls"]
[Site "Dong Thap"]
[Date "2009.??.??"]
[Round "1.1"]
[White "Nguyen, Thi Diem Huong"]
[Black "Nguyen, Thi Thu Quyen"]
[Result "1/2-1/2"]
[WhiteElo "1990"]
[BlackElo "1868"]
[PlyCount "104"]
[EventDate "2009.07.07"]
[EventType "swiss"]
[EventRounds "9"]
[EventCountry "VIE"]
[SourceTitle "EXT 2019"]
[Source "ChessBase"]
[SourceDate "2018.10.10"]
[SourceVersion "1"]
[SourceVersionDate "2018.10.10"]
[SourceQuality "1"]

1. e4 c5 2. Nf3 d6 3. d4 cxd4 4. Nxd4 Nf6 5. Nc3 a6 6. f3 e5 7. Nb3 Be6 8. Be3 Be7 9. Qd2 d5 10. exd5 Nxd5 11. Nxd5 Qxd5 12. Qf2 Nd7 13. Bd3 Bb4+ 14. Bd2 Bxd2+ 15. Qxd2 Nc5 16. Nxc5 Qxc5 17. Qf2 Qa5+ 18. c3 Rd8 19. Qe3 0-0 20. 0-0 Rd7 21. f4 exf4 22. Rxf4 Rfd8 23. Bc2 Qg5 24. Qe4 g6 25. Bb3 Qc5+ 26. Kh1 Bxb3 27. axb3 Rd1+ 28. Rf1 Rxa1 29. Rxa1 Qd5 30. Qxd5 Rxd5 31. h3 h5 32. Ra4 Rb5 33. Ra3 Kf8 34. Kg1 Rf5 35. Ra4 Ke7 36. Rb4 b5 37. Rd4 Ke6 38. Rd8 Rf6 39. c4 Ke7 40. Rb8 bxc4 41. bxc4 Kd7 42. b4 Kc7 43. Rf8 h4 44. g3 hxg3 45. Kg2 Rf4 46. b5 axb5 47. cxb5 Rf5 48. Kxg3 Kb6 49. Rb8+ Kc7 50. Rf8 Kb7 51. Kg4 Kb6 52. Rb8+ Kc7 1/2-1/2

[Event "VIE-ch U20 Girls"]
[Site "Dong Thap"]
[Date "2009.??.??"]
[Round "8.1"]
[White "Nguyen, Thi Thu Quyen"]
[Black "Pham, Bich Ngoc"]
[Result "0-1"]
[WhiteElo "1868"]
[BlackElo "2108"]
[PlyCount "108"]
[EventDate "2009.07.07"]
[EventType "swiss"]
[EventRounds "9"]
[EventCountry "VIE"]
[SourceTitle "EXT 2019"]
[Source "ChessBase"]
[SourceDate "2018.10.10"]
[SourceVersion "1"]
[SourceVersionDate "2018.10.10"]
[SourceQuality "1"]

1. e4 c5 2. Nf3 Nc6 3. d4 cxd4 4. Nxd4 Nf6 5. Nc3 g6 6. Be3 Bg7 7. Bc4 0-0 8. Nxc6 bxc6 9. 0-0 Qc7 10. Bb3 Bb7 11. f4 d5 12. exd5 cxd5 13. Bd4 e6 14. Kh1 a6 15. Be5 Qe7 16. Ne2 h5 17. Qd4 Ne8 18. Bxg7 Nxg7 19. c3 Nf5 20. Qf2 a5 21. Nd4 a4 22. Nxf5 exf5 23. Bd1 a3 24. Bf3 Qc7 25. Rad1 Qxf4 26. Bxd5 Qxf2 27. Rxf2 Bxd5 28. Rxd5 Rfc8 29. Rd3 Rd8 30. Rd4 Rxd4 31. cxd4 Rd8 32. bxa3 Rxd4 33. g3 Rd3 34. Kg2 Rxa3 35. Rb2 Kg7 36. Rc2 g5 37. Rf2 Kg6 38. Kg1 g4 39. Kg2 Kg5 40. Kg1 Ra5 41. Kg2 h4 42. Rb2 h3+ 43. Kf2 Ra3 44. Rc2 f4 45. gxf4+ Kxf4 46. Rc4+ Kg5 47. Rc2 f5 48. Rb2 f4 49. Kg1 g3 50. hxg3 fxg3 51. Rb5+ Kg4 52. Rb2 Rc3 53. Rb1 h2+ 54. Kh1 Kh3 0-1

[Event "VIE-ch (Women) places"]
[Site "Dong Thap"]
[Date "2006.04.11"]
[Round "1"]
[White "Nguyen, Thi Thu Quyen"]
[Black "Bui, Kim Le"]
[Result "0-1"]
[WhiteElo "1829"]
[BlackElo "2200"]
[PlyCount "88"]
[EventDate "2006.04.03"]
[EventType "match"]
[EventRounds "2"]
[EventCountry "VIE"]
[SourceTitle "EXT 2023"]
[Source "ChessBase"]
[SourceDate "2022.10.05"]
[SourceVersion "1"]
[SourceVersionDate "2022.10.05"]
[SourceQuality "1"]

1. e4 c5 2. Nf3 e6 3. d4 cxd4 4. Nxd4 Nf6 5. Nc3 Bb4 6. Bd3 Nc6 7. Nxc6 dxc6 8. Bd2 e5 9. h3 Qc7 10. Qf3 Be6 11. a3 Be7 12. Ne2 h6 13. Ng3 g6 14. Rd1 0-0-0 15. Bc3 h5 16. Nf1 Bg4 17. hxg4 hxg4 18. Qe3 Rxh1 19. Qxa7 Qb8 20. Qxb8+ Kxb8 21. Bxe5+ Kc8 22. Bxf6 Bxf6 23. b3 Kc7 24. Ke2 Bd4 25. Ne3 Rxd1 26. Nxd1 Kd6 27. Ne3 Bxe3 28. Kxe3 Ke5 29. f4+ gxf3 30. gxf3 g5 31. a4 c5 32. Bc4 f6 33. Be2 b6 34. Bd3 Rh8 35. Bf1 Rh2 36. Bd3 Rh3 37. Bf1 Rg3 38. Bd3 g4 39. Be2 Rh3 40. Bd1 f5 41. exf5 Kxf5 42. Kf2 Kf4 43. Kg2 Rg3+ 44. Kf2 gxf3 0-1

[Event "VIE-ch (Women)"]
[Site "Dong Thap"]
[Date "2006.04.06"]
[Round "6"]
[White "Huynh, Mai Phuong Dung"]
[Black "Nguyen, Thi Thu Quyen"]
[Result "1/2-1/2"]
[WhiteElo "2134"]
[BlackElo "1829"]
[PlyCount "50"]
[EventDate "2006.04.03"]
[EventType "swiss"]
[EventRounds "9"]
[EventCountry "VIE"]
[SourceTitle "EXT 2023"]
[Source "ChessBase"]
[SourceDate "2022.10.05"]
[SourceVersion "1"]
[SourceVersionDate "2022.10.05"]
[SourceQuality "1"]

1. e4 d5 2. exd5 Qxd5 3. Nc3 Qa5 4. d4 c6 5. Bc4 Nf6 6. Qe2 Bf5 7. Bd2 Qb6 8. 0-0-0 e6 9. Nf3 Nbd7 10. Be3 Qc7 11. Rhe1 Bb4 12. Bd2 Nb6 13. Nh4 Bxc3 14. Nxf5 Bxd2+ 15. Rxd2 0-0-0 16. Ng3 Nxc4 17. Qxc4 Rd5 18. Qe2 Rhd8 19. Red1 Kb8 20. h3 b6 21. Ne4 Qf4 22. Nxf6 Qxf6 23. Qe3 Kb7 24. Rd3 Qg5 25. Qxg5 Rxg5 1/2-1/2